Statistics for European Union Countries

Click here to take the quiz!

General Stats

  • This quiz has been taken 8 times
  • The average score is 26 of 27

Answer Stats

Country% Correct
Austria
100%
Belgium
100%
Croatia
100%
Czech Republic
100%
Denmark
100%
Estonia
100%
Finland
100%
France
100%
Germany
100%
Greece
100%
Ireland
100%
Italy
100%
Lithuania
100%
Poland
100%
Portugal
100%
Romania
100%
Slovakia
100%
Spain
100%
Sweden
100%
the Netherlands
100%
Bulgaria
88%
Hungary
88%
Latvia
88%
Luxembourg
88%
Slovenia
88%
Cyprus
75%
Malta
75%

Score Distribution

Percentile by Number Answered

Percent of People with Each Score

Your Score History

You have not taken this quiz